| 000 | 01553nam a2200313 a 4500 | ||
|---|---|---|---|
| 001 | ebr10580253 | ||
| 003 | CaPaEBR | ||
| 006 | m u | ||
| 007 | cr cn||||||||| | ||
| 008 | 120801s2012 gw a sb 001 0 eng d | ||
| 020 | _z9783527330126 | ||
| 020 | _z9783527650279 (e-book) | ||
| 040 |
_aCaPaEBR _cCaPaEBR |
||
| 035 | _a(OCoLC)808345227 | ||
| 050 | 1 | 4 |
_aTK2931 _b.F84 2012eb |
| 245 | 0 | 0 |
_aFuel cells science and engineering _h[electronic resource] : _bmaterials, processes, systems and technology / _cedited by Detlef Stolten and Bernd Emonts. |
| 260 |
_aWeinheim, Germany : _bWiley-VCH, _c2012. |
||
| 300 |
_a2 v. in 1 : _bill. |
||
| 490 | 0 |
_aFuel cells science and engineering : materials, processes, systems and technology ; _vv. 1 |
|
| 504 | _aIncludes bibliographical references and index. | ||
| 505 | 0 | _apt. 1. Technology -- pt. 2. Materials and production processes -- pt. 3. Analytics and diagnostics -- pt. 4. Quality assurance -- pt. 5. Modeling and simulation -- pt. 6. Balance of plant design and components -- pt. 7. Systems verification and market introduction. | |
| 533 |
_aElectronic reproduction. _bPalo Alto, Calif. : _cebrary, _d2011. _nAvailable via World Wide Web. _nAccess may be limited to ebrary affiliated libraries. |
||
| 650 | 0 | _aFuel cells. | |
| 655 | 7 |
_aElectronic books. _2local |
|
| 700 | 1 | _aStolten, Detlef. | |
| 700 | 1 | _aEmonts, Bernd. | |
| 710 | 2 | _aebrary, Inc. | |
| 856 | 4 | 0 |
_uhttp://site.ebrary.com/lib/rucke/Doc?id=10580253 _zAn electronic book accessible through the World Wide Web; click to view |
| 999 |
_c84747 _d84747 |
||